Predchádzanie vzniku pohľadávok po lehote ich splatnosti

Opatrenia na obmedzenie vzniku starších pohľadávok. Prerozdelenie kompetencií pri uzatváraní obchodov a vymáhaní pohľadávok. Preverenie informácií o odberateľovi. Overenie zdrojov platobnej schopnosti. Zabezpečovacie inštitúty, ktoré nám umožnia splnenie našej pohľadávky odberateľom.

Salvato in:
Dettagli Bibliografici
Autore principale: Bizub, Peter
Natura: Capitolo di libro
Lingua:slovacco
Soggetti:
Tags: Aggiungi Tag
Nessun Tag, puoi essere il primo ad aggiungerne!!

MARC

LEADER 00000naa a2200000 4500
001 r045294
005 20230925125630.2
041 0 |a slo 
044 |a SK 
245 1 0 |a Predchádzanie vzniku pohľadávok po lehote ich splatnosti  |c Peter Bizub 
520 |a Opatrenia na obmedzenie vzniku starších pohľadávok. Prerozdelenie kompetencií pri uzatváraní obchodov a vymáhaní pohľadávok. Preverenie informácií o odberateľovi. Overenie zdrojov platobnej schopnosti. Zabezpečovacie inštitúty, ktoré nám umožnia splnenie našej pohľadávky odberateľom. 
610 2 0 |a pohľadávky 
610 2 0 |a vymáhanie pohľadávok 
610 2 0 |a obchod 
610 2 0 |a odberatelia 
610 2 0 |a povinnosti pracovníkov 
610 2 0 |a poistenie rizikové 
100 1 |a Bizub, Peter